Score 0/20 Timer 10:00
0 Plays Today
% Correct
Death Note
77.8%
My Hero Academia
75.9%
Fullmetal Alchemist Brotherhood
63.1%
The Promised Neverland
49.7%
The Seven Deadly Sins
49.4%
Sword Art Online
47.8%
No Game No Life
47.6%
Haikyuu!!
44.4%
Konosuba
43.4%
Re:Zero
43.1%
% Correct
Future Diary
35.9%
Rising of the Shield Hero
35.6%
Kuroko's Basketball
32.8%
Yuri!!! on Ice
30.3%
Kill la Kill
25.3%
Death Parade
21.6%
Steins;Gate
20.4%
Monthy Girl's Nozaki-kun
16.3%
The World God Only Knows
10.3%
Yamada-kun and the 7 Witches
6.3%

You're not logged in!

Compare scores with friends on all Sporcle quizzes.
OR
Log In

Sporcle TV

Today on Sporcle TV


Watch our educational content, quiz creation guides, and fun videos on Sporcle TV.

Show Comments

Extras

Top Quizzes Today


Score Distribution

Paid Content

Your Account Isn't Verified!

In order to create a playlist on Sporcle, you need to verify the email address you used during registration. Go to your Sporcle Settings to finish the process.

Report this User

Report this user for behavior that violates our Community Guidelines.

Details: